LEADER 03574nam 22006614a 450 001 9910458697103321 005 20200520144314.0 010 $a1-281-02713-8 010 $a9786611027131 010 $a0-08-052887-2 035 $a(CKB)1000000000364423 035 $a(EBL)300647 035 $a(OCoLC)476079210 035 $a(SSID)ssj0000120010 035 $a(PQKBManifestationID)11141764 035 $a(PQKBTitleCode)TC0000120010 035 $a(PQKBWorkID)10079778 035 $a(PQKB)11250342 035 $a(MiAaPQ)EBC300647 035 $a(Au-PeEL)EBL300647 035 $a(CaPaEBR)ebr10187294 035 $a(CaONFJC)MIL102713 035 $a(EXLCZ)991000000000364423 100 $a20020325d2003 uy 0 101 0 $aeng 135 $aur|n|---||||| 181 $ctxt 182 $cc 183 $acr 200 00$aChaos in ecology$b[electronic resource] $eexperimental nonlinear dynamics /$fJ.M. Cushing ... [et al.] 210 $aAmsterdam $cBoston $cAcademic Press$dc2003 215 $a1 online resource (241 p.) 225 1 $aAcademic Press theoretical ecology series 300 $aDescription based upon print version of record. 311 $a0-12-198876-7 320 $aIncludes bibliographical references (p. 183-193). 327 $aFront Cover; Chaos in Ecology: Experimental Nonlinear Dynamics; Copyright Page; Contents; Foreword; Preface; Chapter 1. Introduction; 1.1 What Is Chaos?; 1.2 Bifurcations and Chaos; 1.3 The Hunt for Chaos; 1.4 Mathematical Models and Data; Chapter 2. Models; 2.1 The Deterministic LPA Model; 2.2 The Flour Beetle; 2.3 Dynamics of the LPA Model; 2.4 A Stochastic LPA Model; 2.5 Parameter Estimation; 2.6 Model Validation; 2.7 Predicted Dynamics; 2.8 Concluding Remarks; Chapter 3. Bifurcations; 3.1 A Bifurcation Experiment; 3.2 The Experimental Results; 3.3 Concluding Remarks; Chapter 4. Chaos 327 $a4.1 A Route-to-Chaos4.2 Demographic Variability; 4.3 Analysis of the Experiment; 4.4 Concluding Remarks; Chapter 5. Patterns in Chaos; 5.1 Sensitivity to Initial Conditions; 5.2 Temporal Patterns; 5.3 Lattice Effects; 5.4 Concluding Remarks; Chapter 6. What We Learned; Bibliography; Appendix; A The Desharnais Experiment; B The Bifurcation Experiment; C The Chaos Experiment; Index 330 $aIt is impossible to predict the exact behavior of all biological systems and how these same systems are exemplified by patterns of complexity and regularity. Decades of research in ecology have documented how these sorts of patterns are the consequences of deceptively simple rules that determine the nature of the patterns created. Chaos in Ecology will explain how simple beginnings result in complicated results.Chaos in Ecology is the inaugural volume of Theoretical Ecology Series. The authors of this volume have employed data from a proven model system in population dyn 410 0$aTheoretical ecology series. 606 $aEcology$xMathematical models 606 $aPopulation biology$xMathematical models 606 $aChaotic behavior in systems 606 $aNonlinear theories 608 $aElectronic books. 615 0$aEcology$xMathematical models. 615 0$aPopulation biology$xMathematical models. 615 0$aChaotic behavior in systems. 615 0$aNonlinear theories. 676 $a577/.01/5118 701 $aCushing$b J. M$g(Jim Michael),$f1942-$0859074 801 0$bMiAaPQ 801 1$bMiAaPQ 801 2$bMiAaPQ 906 $aBOOK 912 $a9910458697103321 996 $aChaos in ecology$91917490 997 $aUNINA LEADER 05202nam 22006252 450 001 9910449747603321 005 20160208154752.0 010 $a1-107-11669-4 010 $a1-280-15378-4 010 $a9786610153787 010 $a0-511-11747-7 010 $a0-511-04043-1 010 $a0-511-15325-2 010 $a0-511-32781-1 010 $a0-511-54579-7 010 $a0-511-05198-0 035 $a(CKB)1000000000005845 035 $a(EBL)201767 035 $a(OCoLC)559201703 035 $a(SSID)ssj0000216626 035 $a(PQKBManifestationID)11202732 035 $a(PQKBTitleCode)TC0000216626 035 $a(PQKBWorkID)10198398 035 $a(PQKB)10490681 035 $a(UkCbUP)CR9780511545795 035 $a(MiAaPQ)EBC201767 035 $a(Au-PeEL)EBL201767 035 $a(CaPaEBR)ebr10030944 035 $a(CaONFJC)MIL15378 035 $a(EXLCZ)991000000000005845 100 $a20090507d2000|||| uy| 0 101 0 $aeng 135 $aur||||||||||| 181 $ctxt$2rdacontent 182 $cc$2rdamedia 183 $acr$2rdacarrier 200 04$aThe osteoporosis primer /$fedited by Janet E. Henderson and David Goltzman$b[electronic resource] 210 1$aCambridge :$cCambridge University Press,$d2000. 215 $a1 online resource (xiv, 372 pages) $cdigital, PDF file(s) 300 $aTitle from publisher's bibliographic system (viewed on 05 Oct 2015). 311 $a0-521-64446-1 320 $aIncludes bibliographical references and index. 327 $gPreface /$rJanet E. Henderson and David Goltzman --$gPart I.$tMolecular and Cellular Environment of Bone --$tEndochondral bone formation and development in the axial and appendicular skeleton /$rA. Robin Poole, Sheila Laverty and Fackson Mwale --$tThe role of osteoblasts /$rJane E. Aubin --$tOsteoclasts : characteristics and regulation of formation and activity /$rJohan Heersche and Morris F. Manolson --$tBone matrix proteins /$rMarc D. McKee and Jaro Sodek --$tLocal regulators of bone turnover /$rLawrence J. Fraher and Patricia H. Watson --$tThe PTH/PTHrP system and calcium homeostasis /$rGeoffrey N. Hendy --$tVitamin D metabolism /$rMarielle Gascon-Barre --$tSodium-dependent phosphate transport in kidney, bone and intestine /$rHarriet S. Tenenhouse --$gPart II.$tDeterminants of Peak Bone Mass --$tMolecular genetic analysis of growth factor signalling in bone /$rJanet E. Henderson and David Goltzman --$tGenetic determinants of osteoporosis /$rMilan S. Patel, Laurence A. Rubin and David E.C. Cole --$tNon-genetic determinants of peak bone mass /$rVelimir Matkovic and John D. Landoll --$tBone mineral acquisition during childhood and adolescence : physical exercise as a preventative measure /$rHeather A. McKay and Karim M. Khan --$tOsteoporosis in children /$rFrank Rauch and Francis H. Glorieux --$gPart III.$tPathophysiology of the Aging Skeleton --$tConsequences of alterations in bone remodeling /$rKaren Prestwood and Lawrence G. Raisz --$tThe role of parathyroid hormone and hyperparathyroidism in osteoporosis /$rPierre D'Amour --$tSenile osteoporosis /$rPatrick M. Doran and Sundeep Khosla --$gPart IV.$tClinical Aspects of Osteoporosis --$tEpidemiology /$rJaques Brown --$tBiochemical markers of bone turnover /$rDavid Hanley --$tRadiologic assessment of osteoporosis /$rJaqueline C. Hodge --$tBone mineral density measurements /$rPaul D. Miller and Carol Zapalowski --$tHormone replacement therapy /$rJonathan D. Adachi and Alexandra Papaioannou --$tSelective estrogen receptor modulators /$rFelicia Cosman and Robert Lindsay --$tBisphosphonate therapy of osteoporosis /$rFred Singer and Payam Minoofar --$tThe action of fluoride on bone /$rMarc D. Grynpas, D. Chachra and H. Limeback --$tPTH peptides as anabolic agents in bone /$rAnthony B. Hodsman --$tVitamin D and Vitamin D analogs as therapeutic agents /$rRichard Kremer. 330 $aOsteoporosis is one of the leading causes of morbidity and mortality amongst the elderly. The rationale for The Osteoporosis Primer is to provide an introductory text that relates the clinical presentation of osteoporosis to its molecular biochemical basis. The text has been organised into four sections that deal with the molecular/cellular components of bone, the development of peak bone mass, the pathophysiology of aging bone and, finally, how all of these relate to the prevention, diagnosis and treatment of osteoporosis. The international team of authors includes many leading clinicians and scientists who have provided the reader with a concise, yet comprehensive, synopsis of bone development and skeletal homeostasis. This will be an essential introduction for individuals working on osteoporosis including students and doctors considering a career related to metabolic bone disease, physicians in general practice, geriatricians, rheumatologists, and endocrinologists. 606 $aOsteoporosis 615 0$aOsteoporosis. 676 $a616.7/16 702 $aHenderson$b Janet E.$f1943- 702 $aGoltzman$b David$f1944- 801 0$bUkCbUP 801 1$bUkCbUP 906 $aBOOK 912 $a9910449747603321 996 $aThe osteoporosis primer$92441740 997 $aUNINA